[Event "TUR-chT2"]
[Site "Konya"]
[Date "2018.07.13"]
[Round "6.24"]
[White "Kelebek, Emre"]
[Black "Yilmaz, Hasan"]
[Result "1-0"]
[WhiteElo "1884"]
[BlackElo "1517"]
[PlyCount "69"]
[EventDate "2018.07.10"]
[EventType "team-swiss"]
[EventRounds "9"]
[EventCountry "TUR"]
[SourceTitle "EXT 2019"]
[Source "ChessBase"]
[SourceDate "2018.10.10"]
[SourceVersion "1"]
[SourceVersionDate "2018.10.10"]
[SourceQuality "1"]
[WhiteTeam "Osmaneli Belediye"]
[BlackTeam "Corum Merkez Yatili"]
[WhiteTeamCountry "TUR"]
[BlackTeamCountry "TUR"]

1. c4 e5 2. Nc3 g6 3. Nf3 Bg7 4. d4 exd4 5. Nxd4 Nf6 6. Bg5 h6 7. Bh4 d6 8. e3 Bd7 9. Bd3 Nc6 10. 0-0 g5 11. Bg3 h5 12. h4 Ng4 13. Nf3 gxh4 14. Bxh4 Bf6 15. g3 Bxh4 16. Nxh4 Nce5 17. Nd5 c6 18. Nf4 Qg5 19. Qc2 Nxe3 20. fxe3 Qxg3+ 21. Nfg2 Ng4 22. Rf3 Qh2+ 23. Kf1 Qh1+ 24. Ke2 Qxa1 25. Qb3 0-0-0 26. Rf1 Qxf1+ 27. Kxf1 Rhe8 28. Bf5 Bxf5 29. Nxf5 Kc7 30. Qa3 c5 31. Qa5+ Kc6 32. Nf4 Rg8 33. Nd5 b6 34. Qb5+ Kb7 35. Nxd6+ 1-0

[Event "TUR Cup										"]
[Site "Antalya"]
[Date "2018.01.28"]
[Round "2"]
[White "Alagoz, Ramazan"]
[Black "Yilmaz, Hasan"]
[Result "0-1"]
[WhiteElo "1247"]
[BlackElo "1483"]
[PlyCount "72"]
[EventDate "2018.01.27"]
[EventType "swiss"]
[EventRounds "11"]
[EventCountry "TUR"]
[SourceTitle "CBM 182 Extra"]
[Source "ChessBase"]
[SourceDate "2018.02.23"]
[SourceVersion "1"]
[SourceVersionDate "2018.02.23"]
[SourceQuality "1"]

1. e4 g6 2. d4 Bg7 3. Nf3 d6 4. Be3 Nf6 5. Nbd2 Ng4 6. Qe2 Nxe3 7. Qxe3 Nd7 8. Bc4 0-0 9. h4 c5 10. c3 cxd4 11. cxd4 Nf6 12. Qb3 e6 13. Be2 Qa5 14. 0-0 Bd7 15. Nc4 Qc7 16. Bd3 b5 17. Ne3 Qb7 18. e5 dxe5 19. dxe5 Nh5 20. Rfe1 Nf4 21. Ng4 Nxd3 22. Qxd3 Bc6 23. Re3 Rad8 24. Qe2 Qe7 25. Rc1 Bd5 26. b3 h5 27. Ngh2 Bh6 28. Ng5 Bxg5 29. hxg5 Qxg5 30. Nf3 Bxf3 31. Qxf3 Rd2 32. Ra1 Rfd8 33. a4 bxa4 34. bxa4 Qh4 35. g3 Qd4 36. Kg2 Qxa1 0-1

[Event "TUR Cup										"]
[Site "Antalya"]
[Date "2018.01.28"]
[Round "3"]
[White "Yilmaz, Hasan"]
[Black "Arslanargun, Zana"]
[Result "1/2-1/2"]
[WhiteElo "1483"]
[BlackElo "1819"]
[PlyCount "98"]
[EventDate "2018.01.27"]
[EventType "swiss"]
[EventRounds "11"]
[EventCountry "TUR"]
[SourceTitle "CBM 182 Extra"]
[Source "ChessBase"]
[SourceDate "2018.02.23"]
[SourceVersion "1"]
[SourceVersionDate "2018.02.23"]
[SourceQuality "1"]

1. Nf3 d5 2. g3 Nc6 3. d4 Nf6 4. Bg2 e6 5. 0-0 Be7 6. c4 0-0 7. cxd5 exd5 8. Nc3 b6 9. Ne5 Bb7 10. Bg5 Ne4 11. Bxe7 Nxe7 12. Rc1 Nxc3 13. Rxc3 f6 14. Nd3 c6 15. Nf4 Qd6 16. e3 Rfe8 17. Qg4 Bc8 18. Qe2 a5 19. Rfc1 Bd7 20. Bh3 Rec8 21. Bxd7 Qxd7 22. Kg2 g6 23. h4 h5 24. Qc2 Kg7 25. a4 Rab8 26. Qd3 f5 27. Qd2 Rb7 28. Nd3 Rbc7 29. Qc2 Qd6 30. Qb3 Rb7 31. Qc2 Rbc7 32. Qb3 Rb7 33. Ne5 c5 34. Rxc5 Rxc5 35. Rxc5 bxc5 36. Qxb7 cxd4 37. Nc6 Kf6 38. Qxe7+ Qxe7 39. Nxe7 Kxe7 40. exd4 Kf6 41. Kf3 g5 42. hxg5+ Kxg5 43. Kg2 f4 44. Kf3 Kf5 45. b3 fxg3 46. fxg3 Kg5 47. Kg2 Kg4 48. Kf2 Kg5 49. Ke3 Kg4 1/2-1/2